00726nam a2200169Ia 4500001001100000003000500011008004100016010001100057040000900068100002800077245020400105260003400309300002300343502010100366700003900467710005000506Para_10465CHAP220125sDici xx 000 0 und d a209069 cCHAP aRomero Ocelotl, Rosalba aIdentificación de plagas y manejo fitosanitario de junicuil (Inga jinicuil Schltdl. Cham. Ex G. Don.) en la Región de Atlixco, Puebla /c Rosalba Romero Ocelotl; Director Bertha Tlapal Bolaños aChapingo, Méx. :b el autor a1 CDS ROM (108 p.) aTesis (Ing. Agr. Esp. Parasitología Agrícola). UACH. Departamento Parasitología Agrícola aTlapal Bolaños, Bertha. Director aUACH Departamento Parasitología Agrícola